000 01083cam a22002895a 4500
001 17310557
005 20160313154443.0
008 120521t2012 nyua frb 001 0 eng d
020 _a9781617799204 (alk. paper)
040 _aNLM
_beng
_cNLM
_dBTCTA
_dRML
_dCOU
_dYDXCP
_dCDX
_dSTF
_dOCLCO
_dOCLCA
_dOCLCF
_dOCLCO
_dDLC
_dEG-ScBUE
_dEG-ScBUE
082 0 4 _a612.01575
_bTHE
_222
245 0 0 _aTherapeutic proteins :
_bmethods and protocols /
_cedited by Vladimir Voynov, Justin A. Caravella.
250 _a2nd ed.
260 _aNew York :
_bHumana Press / Springer,
_cc.2012.
300 _axi, 502 p. :
_bill. (some col.) ;
_c27 cm.
490 0 _aMethods in molecular biology,
_x1064-3745 ;
_v899
490 0 _aSpringer protocols
500 _aIndex : p. 499-502.
504 _aIncludes bibliographical references.
650 0 _aProteins
_xTherapeutic use.
_2BUEsh
651 _2BUEsh
653 _bPPhrm
_cOctober2015
_cMarch2016
655 _vReading book
_934232
700 1 _aVoynov, Vladimir,
_eeditor.
700 1 _aCaravella, Justin A.,
_d1974-
_eeditor.
942 _2ddc
_k612.01575 THE
999 _c20941
_d20913